Géographie de l'Europe par lettre - V - Statistiques

Statistiques générales
  • Ce quiz a été pris 203 fois
    140 depuis la dernière actualisation
  • Le résultat moyen est 10 sur 15
Statistiques - réponses
Indice Réponse % Correct
Micro-état ayant pour type de gouvernement une théocratie Vatican
99%
Volcan dont l'éruption à enseveli Pompéi Vésuve
97%
Ville thermale et chef lieu de la France collaboratrice de Pétain Vichy
91%
Troisième plus grande ville d'Espagne Valence
86%
Ville italienne dans laquelle se déroule Roméo et Juliette Vérone
84%
Hitler, Trotsky, Tito, Freud et Staline vivaient simultanément dans cette ville Vienne
83%
Massif montagneux français abritant le Grand Ballon Vosges
78%
Capitale liechtensteinoise Vaduz
76%
Fleuve ayant donné son nom à une voiture russe en 1955 Volga
66%
Département français, cœur du mouvement contre-révolutionnaire. Vendée
59%
Surnommé le Géant de Provence, il est le point culminant des monts de Vaucluse Ventoux
44%
Canton suisse, Lausanne est son chef lieu Vaud
43%
Plus long fleuve polonais Vistule
35%
Principauté de Vlad l'Empaleur, chef-lieu de Dracula Valachie
23%
Région (Land) autrichienne la plus à l'Ouest Vorarlberg
7%
Aucun quiz correspondant
Distribution des résultats
% des personnes avec chaque résultat
Percentile par nombre de réponses
Votre historique - résultats
Vous n’avez pas pris ce quiz depuis la dernière actualisation